000 00792cam a2200217 a 4500
001 000012445
005 20200929163026.0
008 840604s1982 ve a 000 0 spa
035 _a(DLC) 83463027
040 _aDO-SdBNP
_cDLC
_dDLC
_dBNPHU
082 _a371.203
_bB826e
100 1 _aBravo Boada, Edith.
_929159
245 1 3 _aUn enfoque humanístico de la supervisión /
_cEdith Bravo Boada.
260 _aCaracas :
_bMinisterio de Educación :
_bOficina Ministerial de Información y Relaciones :
_bDivisión de Publicaciones :
_bDepartamento de Imprenta,
_c1982.
300 _a98 p. :
_bil. ;
_c22 cm.
534 _aBibliografía: p 97-98.
650 4 _aInspección escolar
_917547
650 4 _aAdministración escolar
_917493
910 _aCatalogación por copia / LC
049 _aBNGR
999 _c12102
_d12102